| 000 | 00465cam a22001691 4500 | ||
|---|---|---|---|
| 082 |
_a323 _bLAS |
||
| 100 | 1 |
_aLaski, Harold Joseph, _937691 |
|
| 245 | 1 | 0 |
_aLiberty in the modern state, _cby Harold J. Laski. |
| 250 | _a1st ed. | ||
| 260 |
_aNew York, _bHarper, _c1930. |
||
| 300 |
_avii, 288 p. _c21 cm. |
||
| 526 |
_a0 _b0 _c0 _d323_000000000000000_LAS |
||
| 650 | 0 |
_aLiberty. _911440 |
|
| 650 | 0 |
_aMCE _9379 |
|
| 650 | 0 |
_aPolitical science. _9335 |
|
| 942 |
_2ddc _cBK |
||
| 999 |
_c552481 _d552481 |
||